Košičan vydal za rok dva single a vymyslel si pseudonym Tomáš Buranovský reštartoval hudobnú kariéru

Bibliographic Details
Main Author: Almášiová, Monika (Author)
Format: Article
Language:Slovak
PhysicalDescription:Fotogr.
ISSN:2585-7355
Subjects:
Online Access:https://kosice.korzar.sme.sk/c/20668301/tomas-buranovsky-za-rok-vydal-dva-single-a-vymyslel-si-pseudonym.html

MARC

LEADER 00000nab a2200000 a 4500
001 vtls011715331
003 SK-MaSNL
005 20260304201353.0
008 171012c20171010xo drz 0 0slo
038 |a KEVKJB 
040 |a KEVKJB  |b slo  |c KEVKJB  |e AACR2 
041 0 |a slo 
044 |a xo  |c SK 
080 |a 78.03.011.26  |2 2011 
100 1 |a Almášiová, Monika  |4 aut  |9 1086573 
245 1 0 |a Košičan vydal za rok dva single a vymyslel si pseudonym  |b Tomáš Buranovský reštartoval hudobnú kariéru  |c Monika Almášiová 
300 |b Fotogr. 
600 1 7 |a Buranovský, Tomáš,  |d 1989-  |2 kevkjb  |9 1532602 
650 0 7 |a populárna hudba  |2 kevkjb  |9 3428 
651 7 |a Košice (Slovensko)  |2 kevkjb  |9 18694 
773 0 |t Korzár  |g Roč. XX., č. 234 (10.10.2017), s. 9  |x 2585-7355 
852 |a KEVKJB  |b KIS3GCP 
856 4 1 |u https://kosice.korzar.sme.sk/c/20668301/tomas-buranovsky-za-rok-vydal-dva-single-a-vymyslel-si-pseudonym.html 
958 |a BX 
999 |c 3094618  |d 3096548